000 03821nab a2200241 i 4500
003 BR-BrBNA
005 20250519074852.0
008 250519b2017 bl.qr|pooa||| 00| 0 spa |
040 _aBR-BrBNA
_bspa
072 _aF30
100 _aGarcía Ysbelia, Sánchez
100 _aMaría-B, Raymúndez
245 _aAnálisis del cariotipo del híbrido natural Aloe x spinosissima y de sus parentales Aloe arborescens y Aloe humilis, mediante bandeo cromosómico C, CMA y DAPI
500 _aPublicação on-line; 49 ref.; 2 tables; 4 illus.; Summaries (En, Es)
520 _a Resumen Se estudia el cariotipo de tres especies de Aloe con bandeo cromosómico C-Giemsa, CMA (Cromomicina A3 ) y DAPI (4’–6-diamino-2.fenildol), con la finalidad de realizar aportes en su cariomorfometría, ubicación, tamaño de bandas, y discutir evidencias citogenéticas sobre el origen híbrido reportado en A. x spinossisima. Las entidades estudiadas presentan un 2n = 2x = 14 con dos pares de NORs (regiones organizadoras del nucléolo) con satélites asociados y heterocromatina constitutiva CMA + DAPI- (zonas ricas en G-C). La cantidad de heterocromatina, expresada en % de la longitud total del cariotipo (LTC), varía entre las especies: 1,92% en A. arborescens, 1,69% en A. humilis y 1,41% en A. x spinossisima. Se observan bandas en los brazos largos de L2 y L4 de A. arborescens, en L3 y L4 de A. humilis y en A. x spinosissima en el par L4 y en uno de los complementos de L2 y uno de L3 . A. x spinossisima presenta valores de la LTC haploide y cantidad de heterocromatina constitutiva, intermedios entre las especies señaladas como progenitoras. Estos resultados y la notoria heteromorfía entre los diferentes pares cromosómicos, refuerzan la hipótesis del origen de A. x spinosissima, como especie híbrida proveniente del cruce natural de A. arborescens x A. humilis. Palabras clave: A. arborescens, A. humilis, A. spinosissima, especies simpátricas, heteromorfía cromosómica, híbrido natural. Abstract The karyotype of three species of Aloe was studied with C-Giemsa, CMA (Chromomycin A3 ) and DAPI (4’–6-diamino-2.fenildol) chromosome banding in order to make contributions in their cariomorfometría, location, size studied bands, and discuss cytogenetic evidence of hybrid origin reported in A. x spinossisima. The entities studied have a 2n = 2x = 14 with two pairs of NORs (nucleolar organizer regions) with associated satellites and constitutive heterochromatin CMA + DAPI- (G-C rich regions). The amount of heterochromatin, expressed in % of the total length of the karyotype (LTC), varies between species: 1.92% by A. arborescens, 1.69% in A. humilis and 1.41% in A. x spinossisima. The bands are observed in the long arms of L2 and L4 of A. arborescens, in L3 and L4 of A. humilis and A. x spinosissima in the pair L4 and one of the supplements L2 and L3 one. A. x spinossisima presents values of LTC haploid and amount of constitutive heterochromatin intermediate between species designated as progenitor. These results and the notorious heteromorphy between different chromosome pairs, supports the hypothesis of the origin of A. x spinosissima, as a hybrid species from the natural crossing of A. arborescens x A. humilis. Key words: A. arborescens, A. humilis, A. spinosissima, sympatric species, chromosomal heteromorphy, natural hybrid.
650 _aALOE ARBORESCENS
650 _aCROMOSSOMA
650 _aHÍBRIDO
773 0 _0709
_9350397
_dRio de Janeiro-RJ Jardim Botanico do Rio de Janeiro 1935
_o2025-3016
_tRodriguésia (Brazil)
_x0370-6583; 2175-7860 on-line
_gv. 68(4) p. 1263-1272; (2017)
_wBR2025000995
856 _uhttps://www.scielo.br/j/rod/a/9b3xqRqYDxWKX6kbXTXtzxt/?format=pdf&lang=es
942 _cANA
999 _c331566
_d331566